000 003160000a22000970004500
100 1 _aLevoratti, Armando J.
245 1 0 _aSincronía y diacronía en la teoría lingüística de F. de Saussure (Parte I)
300 _aVol. 9, Num 2 (II Semestre, 1999), Páginas 16-22
773 0 _tTraducción de la Biblia
942 _cANA
999 _c52719
_d52719